Reinstatement assessments for insurance purposes. A guide for practitioners (Record no. 89015)

MARC details
000 -LEADER
fixed length control field 00632cam a2200229 4500
001 - CONTROL NUMBER
control field D16068
008 - FIXED-LENGTH DATA ELEMENTS--GENERAL INFORMATION
fixed length control field 090401t1980 xxu||||| |||| 00| 0 eng d
022 ## - INTERNATIONAL STANDARD SERIAL NUMBER
International Standard Serial Number 0143-3342
035 ## - SYSTEM CONTROL NUMBER
System control number (Sirsi) u26952
041 ## - LANGUAGE CODE
Language code of text/sound track or separate title eng
050 ## - LIBRARY OF CONGRESS CALL NUMBER
Classification number 368.1
090 ## - LOCALLY ASSIGNED LC-TYPE CALL NUMBER (OCLC); LOCAL CALL NUMBER (RLIN)
Classification number (OCLC) (R) ; Classification number, CALL (RLIN) (NR) RICS 1980/22ABD
110 ## - MAIN ENTRY--CORPORATE NAME
Corporate name or jurisdiction name as entry element Royal Institution of Chartered Surveyors
9 (RLIN) 4900
245 ## - TITLE STATEMENT
Title Reinstatement assessments for insurance purposes. A guide for practitioners
260 ## - PUBLICATION, DISTRIBUTION, ETC.
Name of publisher, distributor, etc. RICS
Date of publication, distribution, etc. 1980
300 ## - PHYSICAL DESCRIPTION
Extent 15p. 30cm
350 ## - PRICE (NR) (BK AM CF MU VM SE) [OBSOLETE]
Price 0.8
490 ## - SERIES STATEMENT
Series statement RICS Building Surveying Practice Note
Volume/sequential designation 3
710 ## - ADDED ENTRY--CORPORATE NAME
Corporate name or jurisdiction name as entry element Building Surveyors Division
942 ## - ADDED ENTRY ELEMENTS (KOHA)
Suppress in OPAC 0
948 ## - LOCAL PROCESSING INFORMATION (OCLC); SERIES PART DESIGNATOR (RLIN)
c (OCLC) 04/03/1997
Holdings
Withdrawn status Lost status Source of classification or shelving scheme Damaged status Not for loan Home library Current library Shelving location Date acquired Cost, normal purchase price Total Checkouts Full call number Barcode Date last seen Copy number Cost, replacement price Price effective from Koha item type Date last checked out
    Dewey Decimal Classification     London London RICS Boxes 28/10/1991 0.80   RICS 1980/22 30026602 06/08/2019 1 0.80 06/08/2019 Reference material  
    Dewey Decimal Classification     London London RICS Boxes 09/08/1991 0.80   RICS 1980/22 30016545 06/08/2019 2 0.80 06/08/2019 Reference material  
    Dewey Decimal Classification     London London RICS Boxes 09/08/1991 0.80 1 RICS 1980/22 30016512 06/08/2019 3 0.80 06/08/2019 Book 27/09/1999